You the healer : (Record no. 31814)

000 -LEADER
fixed length control field 00696nam a22002057a 4500
003 - CONTROL NUMBER IDENTIFIER
control field OSt
008 - FIXED-LENGTH DATA ELEMENTS--GENERAL INFORMATION
fixed length control field 230801b |||||||| |||| 00| 0 eng d
020 ## - INTERNATIONAL STANDARD BOOK NUMBER
International Standard Book Number 0915811375
020 ## - INTERNATIONAL STANDARD BOOK NUMBER
International Standard Book Number 9780915811373
050 ## - LIBRARY OF CONGRESS CALL NUMBER
Classification number RZ403.S56
Item number S55 1989
100 ## - MAIN ENTRY--PERSONAL NAME
Personal name Silva, José,
Dates associated with a name 1914
245 ## - TITLE STATEMENT
Title You the healer :
Remainder of title the world-famous Silva method on how to heal yourself and others/
Statement of responsibility, etc. José Silva, Robert B. Stone
260 ## - PUBLICATION, DISTRIBUTION, ETC. (IMPRINT)
Place of publication, distribution, etc. Novato, Calif., :
Name of publisher, distributor, etc. New World Library,
Date of publication, distribution, etc. ©1989
300 ## - PHYSICAL DESCRIPTION
Extent x, 263 p. :
Other physical details ill. ;
Dimensions 22 cm
650 ## - SUBJECT ADDED ENTRY--TOPICAL TERM
Topical term or geographic name as entry element Mental healing
650 ## - SUBJECT ADDED ENTRY--TOPICAL TERM
Topical term or geographic name as entry element Silva Mind Control
650 ## - SUBJECT ADDED ENTRY--TOPICAL TERM
Topical term or geographic name as entry element Self-care, Health
700 ## - ADDED ENTRY--PERSONAL NAME
Personal name Stone, Robert B.
942 ## - ADDED ENTRY ELEMENTS (KOHA)
Source of classification or shelving scheme
Classification part RZ403.S56S55 1989
Koha item type Special Collection
Holdings
Withdrawn status Lost status Source of classification or shelving scheme Damaged status Not for loan Home library Current library Shelving location Date acquired Source of acquisition Cost, normal purchase price Total Checkouts Full call number Barcode Date last seen Price effective from Koha item type
          MACHAKOS UNIVERSITY LIBRARY MACHAKOS UNIVERSITY LIBRARY Open shelf 31/07/2023 Donation-Kimanzi 2056.00   RZ403.S56S55 1989 39585 01/08/2023 01/08/2023 Special Collection
© Machakos University Library, Along The Highway, Machakos Wote Rd, Machakos, Kenya P.O. Box 136 - 90100 Machakos - Kenya

Tel: ( +254 ) 723 805829 OR Fax : 044-20353 OR Email: library@mksu.ac.ke